| 000 | 00804nam a22002417a 4500 | ||
|---|---|---|---|
| 005 | 20170124110154.0 | ||
| 010 | _aA-709130 | ||
| 020 |
_c00.00 _a8120716744 |
||
| 035 | _aA-709130 | ||
| 037 | _bCen Lib/Ret | ||
| 040 |
_aDPL _bEN |
||
| 082 |
_a173 _bKHA |
||
| 100 |
_aKhavari, Khalil A. _934615 |
||
| 245 |
_aTogether forever : _cby Khalil A. Khaveri [and] Sue Williston Khavari _ba handbook for creating a successful marriage / |
||
| 260 |
_aNew Delhi _bSterling paperbacks _c1994 |
||
| 270 |
_bNew Delhi _aL-10, Green aprk extension _e110016 |
||
| 300 |
_aix,243p. _c17cm(Hb) |
||
| 500 | _aIncludes bibliographical references | ||
| 650 |
_aPhilosophy _995583 |
||
| 650 |
_aMarriage life _934617 |
||
| 700 |
_aKhavari, Sue Williston _995584 |
||
| 942 |
_2ddc _cEN _h173 _mKHA |
||
| 999 |
_c132407 _d132407 |
||